Tajikistan (Record no. 579004)

MARC details
000 -LEADER
fixed length control field 00654nam a2200193Ia 4500
008 - FIXED-LENGTH DATA ELEMENTS--GENERAL INFORMATION
fixed length control field 250807s9999 xx 000 0 und d
020 ## - INTERNATIONAL STANDARD BOOK NUMBER
ISBN 9780700704200
082 ## - DEWEY DECIMAL CLASSIFICATION NUMBER
Classification number 958.6086
Item number DJA
100 ## - MAIN ENTRY--AUTHOR NAME
Personal name Djalili, Mohammad Reza
245 #0 - TITLE STATEMENT
Title Tajikistan
Statement of responsibility, etc Djalili, Mohammad Reza; Grare, Frédéric; Akiner, Shirin
260 ## - PUBLICATION, DISTRIBUTION, ETC. (IMPRINT)
Name of publisher Psychology Press
Year of publication 1998
300 ## - PHYSICAL DESCRIPTION
Number of Pages 250 pages
520 ## - SUMMARY, ETC.
Summary, etc Examines the causes of the post-independence turmoil, and analyses social and political dynamics at work throughout Central Asia.
650 ## - SUBJECT ADDED ENTRY--TOPICAL TERM
Topical Term History
700 ## - ADDED ENTRY--PERSONAL NAME
Personal name Grare, FrédéricAkiner, Shirin
942 ## - ADDED ENTRY ELEMENTS (KOHA)
Koha item type English Books
Holdings
Withdrawn status Lost status Damaged status Not for loan Home library Current library Shelving location Date acquired Full call number Accession Number Price effective from Koha item type
        Anna Centenary Library Anna Centenary Library 7TH FLOOR, B WING 07.08.2025 958.6086 DJA 175031 07.08.2025 English Books

Find us on the map